[Event "Macae Sudeste-ch"]
[Site "Macae"]
[Date "2015.05.01"]
[Round "1"]
[White "Souza, Iago Henrique Da Si"]
[Black "Michelin, Delcio Alfredo"]
[Result "1-0"]
[WhiteElo "2046"]
[BlackElo "1800"]
[PlyCount "59"]
[EventDate "2015.05.01"]
[EventType "swiss"]
[EventRounds "6"]
[EventCountry "BRA"]
[SourceTitle "CBM 166 Extra"]
[Source "ChessBase"]
[SourceDate "2015.06.18"]
[SourceVersion "1"]
[SourceVersionDate "2015.06.18"]
[SourceQuality "1"]

1. d4 d5 2. Nf3 Nf6 3. Bf4 Bf5 4. e3 e6 5. c4 c6 6. Nc3 Bb4 7. Qb3 Qa5 8. Be2 dxc4 9. Bxc4 b5 10. Be2 Ne4 11. Rc1 0-0 12. 0-0 Bxc3 13. bxc3 Nd7 14. Rfd1 Ndf6 15. Ne5 Rac8 16. f3 Nd6 17. g4 Nd5 18. gxf5 Nxf4 19. exf4 Nxf5 20. Kh1 Rfd8 21. Bd3 Ne3 22. Rg1 Nd5 23. f5 Nf4 24. fxe6 fxe6 25. Rg4 Nd5 26. Bxh7+ Kxh7 27. Qc2+ Kg8 28. Rxg7+ Kxg7 29. Qg6+ Kf8 30. Qf7# 1-0